|
|
|
|
| LEADER |
00000cam a2200000 7i4500 |
| 001 |
0000008137 |
| 002 |
000008877 |
| 005 |
20071008.0 |
| 020 |
|
|
|a 0721415490
|
| 090 |
0 |
0 |
|a JF
|b FAV
|
| 245 |
0 |
4 |
|a The wizard of oz
|c illustrated by Angus McBride
|
| 260 |
|
|
|a Loughborough :
|b Ladybird Books ,
|c 1993
|
| 300 |
|
|
|a 13p. :
|b ill. ;
|c 17cm.
|
| 490 |
0 |
|
|a Favourite Tales
|
| 650 |
0 |
0 |
|a Children's stories
|
| 700 |
1 |
|
|a McBride, Angus ,
|e illustrated
|
| 999 |
|
|
|a 052301
|b BUKU
|c PINJAMAN
|e PERPUSTAKAAN KOMUNITI PETALING JAYA
|
| 999 |
|
|
|a 052302
|b BUKU
|c PINJAMAN
|e PERPUSTAKAAN KOMUNITI PETALING JAYA
|
| 999 |
|
|
|a 052303
|b BUKU
|c PINJAMAN
|e PERPUSTAKAAN KOMUNITI PETALING JAYA
|
| 999 |
|
|
|a 055620
|b BUKU
|c PINJAMAN
|e PERPUSTAKAAN KOMUNITI PETALING JAYA
|
| 999 |
|
|
|a 055621
|b BUKU
|c PINJAMAN
|e PERPUSTAKAAN KOMUNITI PETALING JAYA
|